000 00518nam a2200193Ia 4500
003 GCL
008 140319s9999 xx 000 0 eng d
040 _aGCL /
_cGCL
082 0 4 _aCH
_b823.088
_bN L
100 1 _aNEWMAN, MARJORIE
245 1 0 _aJOSEPH AND HIS GOAT OF MANY COLOURS /
_cNEWMAN, MARJORIE
260 _a[S.N] :
_bWORLD INTERNATIONAL PUBLISHING ،
_c1992
300 _aMANCHESTER
650 0 4 _aLITERATURE
650 0 4 _aCHILDREN
650 0 4 _aTALES
650 0 4 _aCHILDREN - STORIES
942 _2ddc
_cBK
999 _c17987
_d17987